| 000 | 00809nam a2200241 u 4500 | ||
|---|---|---|---|
| 005 | 20240229063617.0 | ||
| 008 | 101012s2005 es r 000 0 spa d | ||
| 020 | _a8424106466 | ||
| 035 | _aUPN01000178154 | ||
| 049 | _aI | ||
| 050 | 4 |
_aQ163 _bG7.8 |
|
| 100 | 1 |
_aGreenwood, Rosie _933858 |
|
| 245 | 1 | 4 |
_aLos volcanes echan lava : _by otras preguntas sobre desastres naturales / _cRosie Greenwood ; tr. Alberto Jiménez Rioja. |
| 260 |
_aEspaña : _bEverest, _c2005. |
||
| 300 |
_a32 p. : _bil. col. |
||
| 440 | 0 | _aMe pregunto por qué | |
| 440 | 0 | _aMi primera enciclopedia | |
| 534 |
_pTítulo original: _tI wonder why volcanoes blow their tops |
||
| 650 | 2 |
_aCiencia _vLiteratura juvenil _96801 |
|
| 650 | 4 |
_aPREGUNTAS Y RESPUESTAS _95370 |
|
| 650 | 2 |
_aDesastres naturales _917411 |
|
| 905 | _aInfantil | ||
| 999 |
_c150257 _d150257 |
||